Second sex=AURAT (Record no. 322945)

000 -LEADER
fixed length control field 00315 a2200133 4500
001 - CONTROL NUMBER
control field 87872
003 - CONTROL NUMBER IDENTIFIER
control field NUST
005 - DATE AND TIME OF LATEST TRANSACTION
control field 20180124143634.0
008 - FIXED-LENGTH DATA ELEMENTS--GENERAL INFORMATION
fixed length control field 180124b xxu||||| |||| 00| 0 eng d
082 ## - DEWEY DECIMAL CLASSIFICATION NUMBER
Classification number 305.4 SIM
100 ## - MAIN ENTRY--PERSONAL NAME
Personal name Simone de Beauvoir
9 (RLIN) 9719
245 ## - TITLE STATEMENT
Title Second sex=AURAT
Medium Urdu translation
260 ## - PUBLICATION, DISTRIBUTION, ETC.
Place of publication, distribution, etc. lAHORE
Name of publisher, distributor, etc. Fiction House
Date of publication, distribution, etc. 2013
300 ## - PHYSICAL DESCRIPTION
Extent 918p
650 ## - SUBJECT ADDED ENTRY--TOPICAL TERM
Topical term or geographic name entry element women-
9 (RLIN) 9720
942 ## - ADDED ENTRY ELEMENTS (KOHA)
Institution code [OBSOLETE] CAE NUST
Koha item type Book
Call number prefix 305.4 SIM
Source of classification or shelving scheme
Holdings
Withdrawn status Lost status Damaged status Not for loan Collection code Permanent Location Current Location Date acquired Total Checkouts Full call number Barcode Date last seen Price effective from Koha item type
          College of Aeronautical Engineering (CAE) College of Aeronautical Engineering (CAE) 04/03/2017   305.4 SIM CAE85953 04/05/2017 04/05/2017 Book
© 2023 Central Library, National University of Sciences and Technology. All Rights Reserved.